00338nam a2200133Ia 4500003000400000005001700004008004100021040001800062041000800080100004300088110002200131245003100153260002000184OSt20230602104339.0211028s2012 xx 000 0 und d cAIMIT LIBRARY aeng aPrajna, M; Shetty, Annapoorna.e101924 aAnnapoorna Shetty aBanking solutions via NFC. aMangalorec2012